[Event "Floripa Chess Open 2024"]
[Site "Florianopolis"]
[Date "2024.01.28"]
[Round "10.11"]
[White "Labussiere, Yago"]
[Black "Molina, Roberto Junio Brito"]
[Result "0-1"]
[WhiteElo "2167"]
[BlackElo "2381"]
[PlyCount "48"]
[EventDate "2024.01.20"]
[EventRounds "10"]
[EventCountry "BRA"]

1. c4 e6 2. g3 d5 3. Bg2 Nf6 4. Nf3 dxc4 5. Qa4+ c6 6. Qxc4 b5 7. Qc2 Bb7 8. d4
Nbd7 9. O-O c5 10. Nc3 b4 11. Na4 Be4 ({RR} 11... Rc8 12. Bg5 cxd4 13. Qd1 e5
14. Bxf6 gxf6 15. b3 Nc5 16. Nxc5 Bxc5 17. Rc1 O-O 18. Qd2 e4 19. Nh4 Qd5 20.
Rfd1 Rfd8 21. Rc4 a5 22. Qf4 Qg5 23. Rdc1 Qxf4 24. gxf4 Bd6 25. Rxc8 Rxc8 26.
Rxc8+ {Ponomariov,R (2719)-Drozdovskij,Y (2581) Odessa 2008 1/2-1/2}) ({RR} 
11... cxd4 12. Nxd4 Rc8 13. Qb3 Bxg2 14. Kxg2 Be7 15. a3 bxa3 16. bxa3 O-O 17.
Bb2 Nc5 18. Nxc5 Bxc5 19. Rfd1 Qb6 20. Qxb6 axb6 21. a4 Rfd8 22. Nb3 Be7 23.
Rac1 Rxc1 24. Rxd8+ Bxd8 25. Bxc1 Nd5 26. Bd2 {Yuan,Y (2112)-Wang Doudou (2161)
Shenzhen CHN 2023 1/2-1/2}) 12. Qd1 c4 13. Bf4 $146 ({RR} 13. Bg5 h6 14. Bxf6
Nxf6 15. Rc1 Qd5 16. Nc5 Bxc5 17. Qa4+ Ke7 18. dxc5 Qxc5 19. Nd2 Bxg2 20. Kxg2
Rhc8 21. Kg1 a5 22. Rxc4 Qd5 23. Rxc8 Rxc8 24. Nf3 Qc5 25. a3 bxa3 26. bxa3 Rb8
27. Nd2 Qb5 {Eramian,G (2060)-Palachev,P (2201) Rybinsk 2010 1/2-1/2 (33)}) ({
RR} 13. Bg5 Rc8 14. Rc1 Be7 15. Nd2 Bxg2 16. Kxg2 h6 17. Bf4 g5 18. Be3 Nb6 19.
f3 Nfd5 20. Bg1 O-O 21. Nc5 c3 22. bxc3 Nxc3 23. Qe1 Nxa2 24. Ra1 Nc3 25. Rxa7
Nb5 26. Rb7 Nxd4 27. Nde4 Bxc5 {Najdin,D (2357)-Bilguun,S (2496)
Khanty-Mansiysk RUS 2019 0-1 (44)}) ({RR} 13. Bg5 Rc8 14. Rc1 Be7 15. Nd2 Bxg2
16. Kxg2 h6 17. Bf4 g5 18. Be3 Nb6 19. f3 Nfd5 20. Bg1 O-O 21. Nc5 c3 22. bxc3
Nxc3 23. Qe1 Nxa2 24. Ra1 Nc3 25. Rxa7 Nb5 26. Rb7 Nxd4 27. Nde4 Bxc5 {Najdin,
D (2357)-Bilguun,S (2496) Khanty-Mansiysk RUS 2019 0-1 (44)}) 13... Rc8 14. Rc1
Be7 15. a3 bxa3 16. bxa3 Bxa3 17. Ra1 Bb4 18. Ne1 Bxg2 19. Kxg2 Nd5 20. Nc2 a5
21. Rb1 N7b6 22. Nxb4 axb4 23. e4 Nxf4+ 24. gxf4 b3 0-1

[Event "Floripa Chess Open 2024"]
[Site "Florianopolis"]
[Date "2024.01.28"]
[Round "10.12"]
[White "Tomiello, Mateus Costamilan"]
[Black "Vazquez, Facundo"]
[Result "1/2-1/2"]
[WhiteElo "2151"]
[BlackElo "2381"]
[PlyCount "83"]
[EventDate "2024.01.20"]
[EventRounds "10"]
[EventCountry "BRA"]

1. c4 e5 2. Nc3 Nf6 3. Nf3 Nc6 4. e4 Bc5 5. Nxe5 Nxe5 6. d4 Bb4 7. dxe5 Nxe4 8.
Qf3 d5 9. a3 ({RR} 9. Be2 d4 10. Qxe4 dxc3 11. O-O O-O 12. a3 cxb2 13. Bxb2 Bc5
14. Bd3 g6 15. e6 Qe7 16. Rfe1 a5 17. Qf4 f6 18. Be4 Ra6 19. Rad1 Rd6 20. Rxd6
Bxd6 21. Qh4 c6 22. Bd3 Bxa3 23. Bxa3 Qxa3 {Caruana,F (2764)-Mamedyarov,S  
(2738) Stavanger NOR 2023 0-1 (47)}) 9... Bxc3+ 10. bxc3 Qe7 ({RR} 10... Be6
11. Bf4 c6 12. Be2 O-O 13. O-O f5 14. exf6 Qxf6 15. Be3 Nxc3 16. Qxf6 Nxe2+ {
0-1 (16) Menahem,A (2140)-Mrudul,D (2030) chess.com INT 2023}) 11. Bf4 Qc5 $146
({RR} 11... g5 12. cxd5 Qc5 13. Rc1 Qxd5 14. Bd3 Bf5 15. Bxg5 Qxe5 16. O-O Nxg5
17. Qxf5 Qxf5 18. Bxf5 Ke7 19. h4 Ne6 20. Rfe1 Rad8 21. Bxe6 fxe6 22. Re4 Rhf8
23. Rce1 Rf6 24. R1e2 Rd3 25. Rc2 Rf5 26. a4 {Leitao,R (2592)-Bortnyk,M (2455)
chess.com INT 2022 0-1 (38)}) 12. cxd5 Bf5 13. Qe3 Qxc3+ 14. Qxc3 Nxc3 15. Bc4
O-O-O 16. d6 Be6 17. Rc1 Bxc4 18. Rxc3 b5 19. f3 Rhe8 20. Kf2 cxd6 21. exd6
Re2+ 22. Kg3 f6 23. h4 Kb7 24. a4 a6 25. axb5 axb5 26. Ra1 g5 27. hxg5 fxg5 28.
Bxg5 Rxd6 29. Rca3 Rg6 30. Ra7+ Kc6 31. f4 Bd5 32. Rxh7 Rxg2+ 33. Kh3 R6xg5 34.
fxg5 Rxg5 35. Rc1+ Bc4 36. Rh8 Kb6 37. Kh4 Rg7 38. Rc8 Bd5 39. Ra8 Bc4 40. Rc8
Kb7 41. R8xc4 bxc4 42. Rxc4 1/2-1/2

[Event "Floripa Chess Open 2024"]
[Site "Florianopolis"]
[Date "2024.01.28"]
[Round "10.13"]
[White "Bueno, Alfeu Junior Varela"]
[Black "Umetsubo, Cesar Hidemitsu"]
[Result "0-1"]
[WhiteElo "2156"]
[BlackElo "2349"]
[PlyCount "68"]
[EventDate "2024.01.20"]
[EventRounds "10"]
[EventCountry "BRA"]

1. e4 c5 2. Nc3 Nc6 3. g3 g6 4. Bg2 Bg7 5. d3 d6 6. Be3 Rb8 7. Qd2 b5 8. Nge2
b4 9. Nd1 Nd4 10. O-O e6 11. c3 Nxe2+ 12. Qxe2 bxc3 13. bxc3 Ne7 14. h4 $146 ({
RR} 14. d4 cxd4 15. Bxd4 Bxd4 16. cxd4 Qa5 17. Qe1 Qb6 18. Qc3 Ba6 19. d5 O-O
20. Re1 e5 21. Ne3 Rfc8 22. Qd2 Qb2 23. Qa5 Rb6 24. Rab1 Qxb1 25. Rxb1 Rxb1+
26. Bf1 Bxf1 27. Nxf1 Kf8 28. Kg2 f5 {Balakanova,B (2050)-Dauletova,G (2012)
Kostanay 2010 0-1 (41)}) ({RR} 14. Bg5 h6 15. Be3 Ba6 16. Qd2 O-O 17. Re1 Kh7
18. f4 Qa5 19. Rc1 Rbe8 20. Qf2 f5 21. e5 dxe5 22. Bxc5 Qc7 23. fxe5 Bxd3 24.
Bd6 Qa5 25. Qd4 Bb5 26. Qb4 Qxb4 27. cxb4 Rf7 28. Nc3 Bd7 {Buzgaru,G (1868)
-Danila,T (1939) Sebes ROU 2022 0-1 (40)}) ({RR} 14. f4 O-O 15. g4 f5 16. gxf5
exf5 17. e5 Ba6 18. Rf3 dxe5 19. Bxc5 e4 20. Re3 Nd5 21. Bxf8 Qxf8 22. a4 Qd6
23. Qa2 Kh8 24. Rg3 Nxf4 25. dxe4 Ne2+ 26. Kh1 Nxg3+ 27. hxg3 Qxg3 28. exf5
Qe1+ {Hidegh,E (2108)-Blasko,I (2321) Aggtelek 2000 0-1}) ({RR} 14. Qd2 O-O 15.
Bh6 Ba6 16. Bxg7 Kxg7 17. Ne3 f5 18. exf5 exf5 19. c4 Bb7 20. Qb2+ Kg8 21. Bxb7
Rf7 22. Qb5 f4 23. Qa6 fxe3 24. fxe3 Rxf1+ 25. Rxf1 Qd7 26. Be4 Rb6 27. Qa3 d5
28. cxd5 Nxd5 {Kovacova,Z (2039)-Rowe,P (2085) Mallorca 2004 1-0 (42)}) 14...
Ba6 15. Rc1 Qa5 16. Bg5 Nc6 17. f4 c4 18. e5 O-O 19. d4 h6 20. Bxc6 hxg5 21.
hxg5 d5 22. f5 exf5 23. e6 Qc7 24. e7 Rfe8 25. Bxe8 Rxe8 26. Qf2 Qxe7 27. Qf4
Qd8 28. Nf2 Re2 29. Rb1 Bf8 30. Rb8 Qe7 31. Rfb1 Rxa2 32. Rxf8+ Kxf8 33. Rb8+
Kg7 34. Qh4 Qe1+ 0-1

[Event "Floripa Chess Open 2024"]
[Site "Florianopolis"]
[Date "2024.01.28"]
[Round "10.14"]
[White "Nemeth Junior, Henrique"]
[Black "Labussiere, Victor"]
[Result "1-0"]
[WhiteElo "2147"]
[BlackElo "2328"]
[PlyCount "57"]
[EventDate "2024.01.20"]
[EventRounds "10"]
[EventCountry "BRA"]

1. e4 c5 2. Nf3 Nc6 3. d4 cxd4 4. Nxd4 Nf6 5. Nc3 d6 6. Bg5 e6 7. Qd2 Qb6 8.
O-O-O Be7 9. Bxf6 Bxf6 10. Nxc6 bxc6 11. Na4 Qb7 12. Qxd6 Be7 13. Qd4 $146 ({RR
} 13. Qg3 O-O 14. Bc4 c5 15. Nc3 Bd7 16. Ba6 Qxa6 17. Rxd7 Bf6 18. e5 Bd8 19.
Rhd1 Rb8 20. Kb1 Qa3 21. b3 c4 22. Ne4 a5 23. R1d4 cxb3 24. axb3 Kh8 25. Nd6 {
1-0 (25) Kulaots,K (2525)-Krush,I (2464) Gausdal 2007}) 13... O-O 14. Bc4 Qc7
15. e5 c5 16. Qe3 Rb8 17. b3 Bb7 18. h4 Bxg2 19. Rhg1 Bc6 20. Nxc5 Rbd8 21. Bd3
g6 22. h5 Bxc5 23. Qxc5 Rd5 24. Qc3 Rxe5 25. hxg6 hxg6 26. Bxg6 fxg6 27. Rxg6+
Kf7 28. Qg3 Ke8 29. Rxe6+ 1-0

[Event "Floripa Chess Open 2024"]
[Site "Florianopolis"]
[Date "2024.01.28"]
[Round "10.15"]
[White "Filgueiras, Nathan Felipe"]
[Black "Jordao Barbosa, Marcio"]
[Result "1/2-1/2"]
[WhiteElo "2321"]
[BlackElo "2146"]
[PlyCount "57"]
[EventDate "2024.01.20"]
[EventRounds "10"]
[EventCountry "BRA"]

1. e4 e6 2. d4 d5 3. Nd2 c5 4. exd5 Qxd5 5. Ngf3 cxd4 6. Bc4 Qd7 7. O-O Nc6 8.
Nb3 a6 9. Nbxd4 Nxd4 10. Nxd4 Qc7 11. Qe2 Bd6 12. Nf5 Bxh2+ 13. Kh1 Be5 14. Re1
g6 15. Qxe5 Qxe5 16. Rxe5 gxf5 17. b3 Ne7 18. Bb2 Rg8 19. Re3 $146 ({RR} 19.
Rae1 Bd7 20. Ba3 Rg5 21. Bd3 Bc6 22. f3 h6 23. Bxe7 Kxe7 24. Rxf5 Rag8 25. Re2
Rd8 26. Rf4 Rdd5 27. Kg1 h5 28. Kf2 f5 29. Rh4 Kf6 30. Bc4 Rd6 31. g3 e5 32.
Bd3 Rd8 33. f4 exf4 {Roberson,P (2403)-Cornette,M (2597) Telford ENG 2019 1-0 
(70)}) ({RR} 19. Rae1 Bd7 20. Ba3 Rg5 21. Bd3 Bc6 22. f3 h6 23. Bxe7 Kxe7 24.
Rxf5 Rag8 25. Re2 Rd8 26. Rf4 Rdd5 27. Kg1 h5 28. Kf2 f5 29. Rh4 Kf6 30. Bc4
Rd6 31. g3 e5 32. Bd3 Rd8 33. f4 exf4 {Roberson,P (2403)-Cornette,M (2597)
Telford ENG 2019 1-0 (70)}) 19... b5 20. Bf1 Bb7 21. c4 bxc4 22. bxc4 O-O-O 23.
Bf6 Rd7 24. Rb3 Nc6 25. Rab1 Rg6 26. Bc3 e5 27. f3 e4 28. Be2 Ne7 29. c5
1/2-1/2

[Event "Floripa Chess Open 2024"]
[Site "Florianopolis"]
[Date "2024.01.28"]
[Round "10.16"]
[White "Ribeiro, Matheus Mendes Domi"]
[Black "Tomiello, Lucas Costamilan"]
[Result "1/2-1/2"]
[WhiteElo "2130"]
[BlackElo "2306"]
[PlyCount "38"]
[EventDate "2024.01.20"]
[EventRounds "10"]
[EventCountry "BRA"]

1. c4 e5 2. g3 Nf6 3. Bg2 Nc6 4. Nf3 Bc5 5. O-O d6 6. Nc3 O-O 7. e3 Bb6 ({RR} 
7... Bb4 8. Nd5 Ba5 9. d4 Bg4 10. h3 Bh5 11. g4 Bg6 12. dxe5 Nxe5 13. Nxe5 dxe5
14. b4 Nxd5 15. bxa5 Nb4 16. Ba3 Qe7 17. a6 Rab8 18. axb7 c5 19. Bxb4 cxb4 20.
Bd5 Rfd8 21. Qf3 Bd3 22. Rfc1 {Timofeev,A (2664)-Sokolov,I (2690) Sarajevo
2008 1/2-1/2 (32)}) 8. d4 ({RR} 8. h3 Ne7 9. d4 Ng6 10. b4 c6 11. dxe5 Nxe5 12.
Nxe5 dxe5 13. b5 Be6 14. Ba3 Bxc4 15. Bxf8 Bxf1 16. Qxd8 Bxd8 17. Rxf1 Kxf8 18.
bxc6 bxc6 19. Rc1 Bb6 20. Nb5 Rd8 21. Bxc6 Rc8 22. Nd6 Rc7 {Steingrimsson,H  
(2512)-Lomasov,S (2541) Reykjavik ISL 2022 1/2-1/2 (33)}) 8... Bf5 9. a3 a5 10.
c5 $146 ({RR} 10. b3 Re8 11. d5 Ne7 12. Bb2 Qd7 13. Qd2 Ng6 14. b4 e4 15. Nd4
Bh3 16. Nce2 Ne5 17. Qc2 Nd3 18. Qc3 Re5 19. Rfd1 Bxg2 20. Kxg2 Rh5 21. h4 Qg4
22. Rh1 Nd7 23. Raf1 N7e5 24. c5 dxc5 {Snape,I (2245)-Martin,A (2429) West
Bromwich 2004 0-1 (37)}) 10... Ba7 11. b4 exd4 12. Nxd4 Nxd4 13. exd4 c6 14.
Bg5 h6 15. Qf3 hxg5 16. Qxf5 dxc5 17. dxc5 Qd4 18. Ne4 Nxe4 19. Qxe4 Rad8
1/2-1/2

[Event "Floripa Chess Open 2024"]
[Site "Florianopolis"]
[Date "2024.01.28"]
[Round "10.17"]
[White "Curi, Gabriel"]
[Black "Soriano Quispe, Ivan Excender"]
[Result "0-1"]
[WhiteElo "2069"]
[BlackElo "2271"]
[PlyCount "66"]
[EventDate "2024.01.20"]
[EventRounds "10"]
[EventCountry "BRA"]

1. d4 {Krasenkow,M} d5 2. c4 e6 3. Nc3 c6 4. Nf3 dxc4 5. e3 b5 6. a4 Bb4 7. Bd2
a5 8. axb5 Bxc3 9. Bxc3 cxb5 10. b3 Bb7 11. bxc4 b4 12. Bb2 Nf6 13. Bd3 O-O 14.
O-O Nbd7 15. Nd2 Qc7 ({RR} 15... e5) 16. f4 a4 17. e4 ({RR} 17. Rb1 Rfd8 18.
Qe2 b3 19. Ba1 ({RR} 19. Ra1 Nb8 ({RR} 19... Nf8) 20. f5 Nc6 21. fxe6 fxe6 22.
Ne4 Nxe4 23. Bxe4 Nb4 24. Bb1 Ba6 25. Rc1 Bb7 26. Rf1 ({RR} 26. Ba3) 26... Rdc8
27. Qg4 Re8) 19... Nf8 ({RR} 19... Qd6 20. e4 Nc5 21. e5 Qc6 22. exf6 Nxd3 23.
Rf3 b2 ({RR} 23... Nb4 24. Qe5 g6 25. Qg5 Qe8 26. Rh3) 24. Rxd3 bxa1=Q 25. Rxa1
gxf6 26. f5) ({RR} 19... Nb8 20. f5 ({RR} 20. d5 Nbd7 21. e4 exd5 22. cxd5 Qb6+
23. Kh1 Ba6) ({RR} 20. e4 Nc6 21. d5 Nb4 22. Rf3 ({RR} 22. Bxf6 gxf6) 22...
exd5 23. exd5 Qb6+ 24. Qf2 ({RR} 24. Kh1 Nxd3 25. Rxd3 Bc8) 24... Qxf2+ 25.
Kxf2 Nfxd5) 20... Nbd7 ({RR} 20... Nc6 21. fxe6 fxe6 22. Rxf6 gxf6 23. Qg4+ Qg7
24. Qxe6+ Kh8 25. Be4 Re8 26. Qh3) 21. fxe6 fxe6 22. Nf3 ({RR} 22. c5) 22...
Be4 23. Ng5 Bxd3 24. Qxd3 Ne5 25. Qc3 Neg4 26. Rf4 Qa5 27. Qxa5 Rxa5 28. Nxe6
Rb8) 20. e4 ({RR} 20. f5 e5 21. dxe5 N6d7 22. e6 Nc5) 20... N6d7 ({RR} 20...
Qb6 {RR} 21. e5 Ng4 22. c5 ({RR} 22. Qxg4 Rxd4) 22... Qb4 23. Nc4 Nh6) 21. Kh1
({RR} 21. f5 e5) ({RR} 21. e5 f5) 21... Re8 22. Qg4 Ng6 23. Qg3 Rad8 24. Bb2
Qd6 25. Ra1 Qb4 ({RR} 25... Nc5 26. e5 Qd7 27. Bb1) 26. Qe3 f5 27. e5 ({RR} 27.
exf5 exf5 28. Qf2 Nf6 29. d5 ({RR} 29. Bxf5 Nh4 30. Bh3 Nxg2 31. Bxg2 Ng4 32.
Qg3 Bxg2+ 33. Qxg2 Ne3 34. Qf2 Nxf1 35. Nxf1 Qxc4)) 27... Qb6 ({RR} 27... Bc6)
28. Rg1 ({RR} 28. c5 Qc6 ({RR} 28... Qc7 29. Nc4) 29. Qe2 Nxc5 30. Bb5 Ba6 31.
Bxc6 Bxe2 32. Bxe8 Bxf1 33. Nxf1 Nd3 34. Bxa4 Nxb2 35. Bxb3 Nxf4 36. Ne3 Rxd4
37. Nxf5 Rd3 38. Ra8+ Kf7 39. Nd6+ Ke7 40. Ra7+ Kd8 41. Rb7 Re3 42. h3 Rxe5)
28... Bc6 29. h3 Nb8 30. Kh2 Na6 31. g4 Nb4 {Andreikin,D (2737)-Tomashevsky,E 
(2716) Tbilisi 2015 CBM 165 [Krasenkow,M] 1/2-1/2 (47)}) 17... a3 18. Bc1 Qd6
19. Kh1 $146 ({RR} 19. d5 exd5 20. cxd5 Ba6 21. Nb3 Qb6+ 22. Kh1 Rfe8 23. Re1
Bxd3 24. Qxd3 Ng4 25. Be3 Nxe3 26. Rxe3 Nf6 27. Nd4 Rac8 28. Rae1 Rc3 29. Qd2
Rxe3 30. Rxe3 a2 31. Nb3 Rxe4 32. Rf3 Qd4 33. Qc1 Qxd5 {Stachowicz,H (1583)
-Dziewonski,D (2218) Chotowa POL 2023 0-1 (42)}) ({RR} 19. d5 exd5 20. cxd5
Nxd5 21. exd5 Qxd5 22. Nf3 b3 ({RR} 22... Nc5 23. Bc2 Rfe8) 23. Bxa3 Rxa3 24.
Bxh7+ Kxh7 25. Qxd5 Bxd5 26. Rxa3 b2 27. Rb1 Rb8 28. Kf2 f6 29. Nd2 Rb4 30. g3
Nc5 31. Ke3 Ne4 32. Nf3 ({RR} 32. Rd3 Ba2 33. Rxb2 Rxb2 34. Kxe4) 32... Nd6 33.
Nd2 Nb5 {Touzane,O (2340)-Amigues,E (2252) France 2002 1/2-1/2 (49)} ({RR} 
33... Be4 34. Nxe4 ({RR} 34. Rd3 Bxd3 35. Kxd3 Nb5) 34... Nc4+)) ({RR} 19. Nb3
Nxe4 20. Re1 f5 21. Be3 Ndf6 22. Qc2 Nc3 23. d5 Nfe4 24. Bxe4 fxe4 25. Bc5 Qxf4
26. Bxf8 Rxf8 27. Rf1 Qe3+ 28. Kh1 Rxf1+ 29. Rxf1 exd5 30. cxd5 Bxd5 31. Nd2 h6
32. Nb1 Qd3 33. Qd1 a2 {Srdanovic,J (2047)-Kornyukov,A (2452) chess.com INT
2023 0-1 (34)}) 19... Nc5 20. Nf3 Nxd3 21. e5 Bxf3 22. Qxd3 Be4 23. Qd2 Qc6 24.
exf6 Qxc4 25. Qf2 Rfd8 26. Rd1 Bg6 27. h4 Qc2 28. Qe1 Rdc8 29. f5 exf5 30. Bh6
gxh6 31. Qe3 f4 32. Qxf4 Qf5 33. Qxh6 Qxf6 0-1

[Event "Floripa Chess Open 2024"]
[Site "Florianopolis"]
[Date "2024.01.28"]
[Round "10.18"]
[White "Diaz Villagran, Robert"]
[Black "Starke, Bruno Orlando"]
[Result "0-1"]
[WhiteElo "2268"]
[BlackElo "2145"]
[PlyCount "54"]
[EventDate "2024.01.20"]
[EventRounds "10"]
[EventCountry "BRA"]

1. e4 e6 2. d4 d5 3. e5 c5 4. c3 Qb6 5. Nf3 Bd7 6. Be2 Nc6 7. dxc5 Bxc5 8. O-O
a5 9. Nbd2 ({RR} 9. a4 Nge7 10. Bb5 Ng6 11. Qe2 O-O 12. Nbd2 f6 13. exf6 Rxf6
14. Nb3 Bd6 15. Bg5 Rf7 16. Rad1 Raf8 17. Nfd4 e5 18. Nc2 Be6 19. Be3 Qc7 20.
Nc5 Bxc5 21. Bxc5 Nf4 22. Qe3 Ne7 23. Bb6 Qb8 {Harika,D (2517)-Jumabayev,R  
(2631) chess.com INT 2022 0-1 (50)}) ({RR} 9. a4 Nge7 10. Bd3 Ng6 11. Qe2 O-O
12. h4 f6 13. exf6 gxf6 14. Bh6 Rfe8 15. Na3 e5 16. h5 Nh8 17. Nh4 e4 18. Bb5
Nf7 19. Be3 Re5 20. g4 Kh8 21. Rad1 Rg8 22. Kh1 Bxg4 23. f3 exf3 {Zallio,L  
(2079)-Guzman Moneo,A (2170) chess.com INT 2023 0-1}) 9... a4 10. Rb1 $146 ({RR
} 10. b4 axb3 11. Nxb3 Ba3 12. Bxa3 Rxa3 13. Qc1 Ra8 14. Qg5 g6 15. Rfb1 h6 16.
Qd2 Qc7 17. Nc5 Bc8 18. Bb5 Nge7 19. c4 Kf8 20. cxd5 Nxd5 21. Rc1 Kg7 22. Ne4
Qa5 23. Bxc6 Qxd2 24. Nfxd2 bxc6 {Kempinski,T (2181)-Putlak,W (1994)
Jastrzebia Gora POL 2022 1/2-1/2 (86)}) ({RR} 10. b4 axb3 11. Nxb3 Nge7 12. c4
O-O 13. Nxc5 Qxc5 14. Be3 Qa3 15. Qb3 Qxb3 16. axb3 Rfc8 17. Bc5 dxc4 18. Bxc4
Ng6 19. Bd6 Na5 20. Nd2 Nf4 21. Rfd1 Bc6 22. Bf1 Bd5 23. g3 Ng6 24. b4 Nc6 {
Karaoglan,K (2203)-Sharma,I (2276) Novi Sad SRB 2021 1/2-1/2 (50)}) ({RR} 10.
b4 axb3 11. Nxb3 Nge7 12. c4 O-O 13. Nxc5 Qxc5 14. Be3 Qa3 15. Qb3 Qxb3 16.
axb3 Rfc8 17. Bc5 dxc4 18. Bxc4 Ng6 19. Bd6 Na5 20. Nd2 Nf4 21. Rfd1 Bc6 22.
Bf1 Bd5 23. g3 Ng6 24. b4 Nc6 {Karaoglan,K (2203)-Sharma,I (2276) Novi Sad SRB
2021 1/2-1/2 (50)}) 10... Nge7 11. Bd3 Ng6 12. Bxg6 fxg6 13. b4 axb3 14. axb3
O-O 15. b4 Bxf2+ 16. Rxf2 Nxe5 17. Nb3 Ng4 18. Nc5 Nxf2 19. Kxf2 Bb5 20. Qd4
Qd6 21. c4 e5 22. Ne4 Qd7 23. Qxe5 dxe4 24. Qxb5 Ra2+ 25. Bb2 Qxb5 26. cxb5
exf3 27. gxf3 Rf4 0-1

[Event "Floripa Chess Open 2024"]
[Site "Florianopolis"]
[Date "2024.01.28"]
[Round "10.20"]
[White "Rodi, Luis Ernesto"]
[Black "De Oliveira, Gustavo Alfredo Bue"]
[Result "1-0"]
[WhiteElo "2196"]
[BlackElo "2147"]
[PlyCount "135"]
[EventDate "2024.01.20"]
[EventRounds "10"]
[EventCountry "BRA"]

1. e4 Nf6 2. e5 Nd5 3. d4 d6 4. Nf3 Nc6 5. c4 Nb6 6. exd6 exd6 7. Be3 Bg4 ({RR
} 7... Be7 8. Nc3 O-O 9. Be2 Bg4 10. b3 f5 11. Qd2 Bf6 12. O-O Qd7 13. h3 Bh5
14. Rac1 Rae8 15. d5 Bxf3 16. Bxf3 Ne5 17. Bh5 Re7 18. c5 f4 19. Bxf4 dxc5 20.
Be3 Qf5 21. Bg4 Qd3 22. Be6+ {Novikov,S (2545)-Mamedyarov,S (2699) Sochi 2006
0-1 (49)}) ({RR} 7... Be7 8. Nc3 O-O 9. Be2 Bf5 10. O-O Bf6 11. Rc1 Re8 12. b3
a5 13. Bd3 Bxd3 14. Qxd3 d5 15. c5 Nc8 16. Qf5 N8e7 17. Qg4 g6 18. Bg5 Bg7 19.
Rfd1 f5 20. Qh4 Qd7 21. Bh6 Kh8 22. Ne5 {Zhurova,A (2065)-Sheikh,A (1853)
Tornelo INT 2020 1-0 (62)}) 8. Nc3 Be7 9. a4 $146 ({RR} 9. b3 O-O 10. Be2 Re8
11. O-O Rb8 12. Qd2 Nd7 13. d5 Bxf3 14. Bxf3 Nce5 15. Be2 Ng6 16. Bxa7 Ra8 17.
Bd4 Bf6 18. Bxf6 Qxf6 19. f4 Nc5 20. g3 h6 21. Bf3 Ne7 22. Rae1 Nf5 23. b4 Rxe1
{Abzirko,N (2225)-Nozhnov,V Ozery 1997 1-0 (39)}) ({RR} 9. h3 Bh5 10. Bd3 Bf6
11. g4 Bg6 12. Bxg6 hxg6 13. Qe2 d5 14. c5 Nc4 15. O-O-O O-O 16. h4 Re8 17. g5
Nxe3 18. fxe3 Be7 19. Rdg1 f5 20. h5 gxh5 21. Rxh5 g6 22. Rh6 Kf7 23. Qh2 Bf8 {
Sarmir,M (2086)-Sturdik,I (2022) Slovakia 2009 1-0}) ({RR} 9. h3 Bxf3 10. Qxf3
O-O 11. h4 d5 12. c5 Nc4 13. O-O-O Nxe3 14. fxe3 Qd7 15. Qxd5 Rad8 16. Qf3 Nb4
17. Qxb7 Rb8 18. Qf3 Nxa2+ 19. Nxa2 Qa4 20. Kb1 Rb3 21. Rd2 Rfb8 22. Rc2 Qa3
23. Qf2 Rxe3 {Wedberg,T (2485)-Sandstrom,L (2335) Stockholm 1998 1-0}) 9... a5
10. h3 Bh5 11. b3 O-O 12. g4 Bg6 13. h4 Nb4 14. Rc1 f5 15. h5 Be8 16. h6 fxg4
17. Nh2 g3 18. hxg7 gxf2+ 19. Kd2 Rf5 20. Ng4 Bg5 21. Ne4 Bxe3+ 22. Kxe3 Kxg7
23. Nh6 Rf8 24. d5 c5 25. dxc6 Nxc6 26. Qxd6 Bg6 27. Bg2 Qe8 28. Qc5 Nd7 29.
Qg5 Qe6 30. Ng4 Nce5 31. Ngxf2 Nf6 32. Rh4 Nxe4 33. Nxe4 Rae8 34. Kd2 Rd8+ 35.
Kc2 Nf7 36. Qe3 Qe5 37. Qc3 Rd4 38. Kb2 Kg8 39. Re1 Rd2+ 40. Nxd2 Qxe1 41. Rd4
Re8 42. Ne4 Qxc3+ 43. Kxc3 Kg7 44. Kd2 Bxe4 45. Bxe4 b6 46. Bc6 Rd8 47. Bd5 h5
48. Rf4 Nd6 49. Rf1 Ne4+ 50. Kc2 Nc5 51. Rh1 Kg6 52. Bf3 Rh8 53. Kc3 Na6 54.
Rd1 h4 55. Rd6+ Kg5 56. Rxb6 Nb4 57. Rxb4 axb4+ 58. Kxb4 Rb8+ 59. Kc3 Kf4 60.
Bh1 h3 61. a5 Rg8 62. a6 Rg7 63. b4 Kg3 64. b5 Kh2 65. Bd5 Kg1 66. b6 Rg3+ 67.
Kb4 h2 68. a7 1-0

[Event "Floripa Chess Open 2024"]
[Site "Florianopolis"]
[Date "2024.01.28"]
[Round "10.21"]
[White "Marra, Eduardo Da Costa"]
[Black "De Carvalho, Jose Jorge"]
[Result "1-0"]
[WhiteElo "2189"]
[BlackElo "2119"]
[PlyCount "129"]
[EventDate "2024.01.20"]
[EventRounds "10"]
[EventCountry "BRA"]

1. e4 e6 2. d4 d5 3. e5 c5 4. c3 Nc6 5. Nf3 cxd4 6. cxd4 Bd7 7. Nc3 f6 ({RR} 
7... Nge7 8. Bd3 h6 9. Be3 a6 10. O-O Na5 11. b3 Nec6 12. a3 Rc8 13. Ne2 Na7
14. Bd2 Bb5 15. Bxb5+ Nxb5 16. a4 Na7 17. Nf4 Be7 18. Nh5 Kf8 19. Rb1 Qb6 20.
Qe1 N7c6 21. Qe3 Nb4 22. h4 {Gavrilov,A (2480)-Romanko,M (2226) Moscow 2009
0-1 (52)}) ({RR} 7... Rc8 8. Bd3 a6 9. O-O b5 10. a4 b4 11. Ne2 a5 12. Be3 Nh6
13. Nf4 Be7 14. Nh5 Kf8 15. Bxh6 gxh6 16. Rc1 f6 17. Qd2 Kf7 18. Qxh6 Qf8 19.
Qf4 f5 20. Bb5 Rg8 21. Bxc6 Bxc6 22. Nf6 {Zhigalko,S (2572)-Sahib,S (2085)
chess.com INT 2023 1-0}) 8. Bd3 f5 9. O-O Nh6 $146 ({RR} 9... Nge7 10. Bg5 Qa5
11. h4 Nc8 12. a3 a6 13. Re1 h6 14. Bd2 Be7 15. Rc1 Qd8 16. h5 O-O 17. Ne2 Be8
18. Nf4 Bf7 19. Bb1 N8a7 20. g3 Rc8 21. Kg2 Na5 22. Rxc8 Nxc8 23. g4 Nc4 24.
Bc1 {Ochkoos,J (2289)-Clement,M Montreal 2002 1-0 (31)}) ({RR} 9... Nge7 10.
Re1 a6 11. a3 b5 12. Ne2 Ng6 13. g3 Be7 14. h4 O-O 15. Bg5 Be8 16. Qd2 Bd7 17.
b4 Bxg5 18. Nxg5 h6 19. Nh3 Nxh4 20. gxh4 Qxh4 21. Qe3 g5 22. f4 gxf4 23. Nexf4
Kf7 24. Kh2 {Puranik,A (2328)-Bernat,E (1943) Barbera del Valles 2015 1-0}) 10.
Re1 Be7 11. g3 O-O 12. h4 Be8 13. Be2 Nf7 14. Be3 h6 15. Kg2 Rc8 16. Rc1 Na5
17. Nd2 Nxe5 18. dxe5 d4 19. Bxd4 Qxd4 20. Nf3 Qxd1 21. Rexd1 Bc6 22. Nb5 a6
23. Na7 Bxf3+ 24. Bxf3 Rxc1 25. Rxc1 Ra8 26. Nc8 Bf8 27. Rc7 Rb8 28. Bh5 Nc6
29. Bf7+ Kh8 30. Bxe6 Nxe5 31. Bxf5 b5 32. b3 g6 33. Be4 g5 34. hxg5 hxg5 35.
f4 gxf4 36. gxf4 Ng4 37. Kg3 Nf6 38. Bf3 a5 39. Ne7 Bxe7 40. Rxe7 Rg8+ 41. Kh4
Rf8 42. Re5 a4 43. Rxb5 axb3 44. axb3 Ne4 45. Bxe4 Rxf4+ 46. Kg5 Rxe4 47. Kf6
Kg8 48. Rb8+ Kh7 49. b4 Re2 50. b5 Re1 51. Rb7+ Kh6 52. b6 Kh5 53. Rh7+ Kg4 54.
b7 Rb1 55. Ke5 Rb6 56. Kd5 Kf5 57. Rf7+ Kg6 58. Rd7 Kf5 59. Kc5 Rb1 60. Kc6 Ke6
61. Rd2 Ke7 62. Kc7 Rc1+ 63. Kb8 Rc4 64. Ra2 Kd7 65. Ka7 1-0

[Event "Floripa Chess Open 2024"]
[Site "Florianopolis"]
[Date "2024.01.28"]
[Round "10.22"]
[White "Silva, Guilherme Henrique"]
[Black "Roselli Mailhe, Bernardo"]
[Result "0-1"]
[WhiteElo "2068"]
[BlackElo "2364"]
[PlyCount "65"]
[EventDate "2024.01.20"]
[EventRounds "10"]
[EventCountry "BRA"]

1. e4 c5 2. Nf3 e6 3. d4 cxd4 4. Nxd4 Nf6 5. Nc3 Nc6 6. Nxc6 bxc6 7. e5 Nd5 8.
Ne4 Qc7 9. f4 Qa5+ 10. c3 Be7 11. Bd3 Qb6 12. Qe2 Rb8 ({RR} 12... O-O 13. a3 f5
14. exf6 Nxf6 15. Be3 c5 16. O-O Bb7 17. Nd2 g6 18. Nc4 Qc7 19. Bd2 Rae8 20.
Rae1 Nh5 21. Qe5 Qxe5 22. fxe5 Ba6 23. g4 Ng7 24. Rxf8+ Rxf8 25. Rf1 Rb8 26.
Bc1 Ne8 27. Rd1 {Kondys,P (1929)-Kaim,P (2167) Krakow POL 2023 1/2-1/2 (46)})
13. a3 f5 14. Nf2 O-O $146 ({RR} 14... c5 15. c4 Nc7 16. Bd2 Qc6 17. O-O-O O-O
18. g4 d5 19. gxf5 Qb6 20. Be1 dxc4 21. Bxc4 Rxf5 22. Nd3 Nb5 23. Bf2 Nd4 24.
Qg4 Rxf4 25. Qg2 Bb7 26. Bxd4 Bxg2 27. Nxf4 cxd4 {0-1 (27) Kolomensky,V (2257)
-Lobov,D (2152) Nizhnij Tagil 2007}) ({RR} 14... a5 15. c4 Nc7 16. O-O O-O 17.
Kh1 Na6 18. Bc2 Qc7 19. Rb1 Bb7 20. Bd2 Ra8 21. b4 axb4 22. axb4 c5 23. b5 Nb4
24. Bb3 Ra3 25. Bc1 Ra5 26. Bb2 Qb6 27. Rbd1 Rd8 28. Rd2 Ra7 29. Nd3 {Smith,R 
(2290)-Wastney,S (2193) Auckland 2000 1/2-1/2 (49)}) 15. O-O c5 16. c4 Nc7 17.
Nd1 Bb7 18. Rb1 a5 19. Bd2 a4 20. Nc3 Bc6 21. Bc2 Qa6 22. Be3 Rb7 23. Rfd1 Rfb8
24. Bd3 Qa5 25. h3 Rb3 26. Bc2 Rxb2 27. Nb5 Ra2 28. Nd6 Rxb1 29. Rxb1 Na6 30.
Nb5 Be4 31. Rc1 Rxc2 32. Rxc2 Bxc2 33. Qxc2 0-1